| 000 | 01197nam a2200301 a 4500 | ||
|---|---|---|---|
| 999 |
_c7927 _d7927 |
||
| 001 | 991048896989706706 | ||
| 003 | OSt | ||
| 005 | 20240829114236.0 | ||
| 008 | 070614s2007 spc|||||| 000 ||cat | ||
| 017 |
_aDL B.18686-2021 _bBiblioteca de Catalunya |
||
| 035 | _a(ES-BaCBU).b37546296 | ||
| 040 |
_aCDMR _cCDMR _bcat |
||
| 041 | 0 |
_acat _aspa |
|
| 043 |
_ae-sp--- _be-spc-- _2catmarc _ae------ |
||
| 245 | 0 | 0 |
_aJudy Dempsey : _bPremi "Ernest Udina a la trajectòria europeista" : XVI edició, 2021 [recurs electrònic] _c/ [coordinació i edició a càrrec de Natàlia Segura] |
| 260 |
_a[Barcelona : _bAssociació de Periodistes Europeus de Catalunya], _c2021 |
||
| 300 | _a1 recurs electrònic (42 pàgines) | ||
| 546 | _aTextos en català i anglès | ||
| 600 | 0 |
_aDempsey, Judy _94961 |
|
| 610 | 2 | 7 |
_aUnió Europea _zCatalunya. _2lemac |
| 700 |
_94962 _aSegura, Natàlia |
||
| 710 | 2 | _aAssociació de Periodistes Europeus de Catalunya. | |
| 856 |
_uhttps://www.apec.cat/wp-content/uploads/2021/12/LLIBRE-Judy-Dempsey-web.pdf _zAccés en línia |
||
| 907 |
_a.b37546296 _b16-02-21 _c12-05-08 _d07-05-08 _em _fa _g- _hcat _ispc _j0 _k1 |
||
| 908 | _aBC | ||
| 940 | _aBC | ||
| 942 |
_2udc _cLLIBRE-E |
||